[Event "Lazne Bohdanec-B"]
[Site "Lazne Bohdanec"]
[Date "1996.??.??"]
[Round "5"]
[White "Krupkova, Petra"]
[Black "Valenta, Vit"]
[Result "1-0"]
[WhiteElo "2300"]
[BlackElo "2320"]

1.d4 d5 2.c4 dxc4 3.Nf3 Nf6 4.e3 e6 5.Bxc4 c5 6.O-O a6 7.a4 Nc6 8.Nc3 cxd4
9.exd4 Nb4 10.Qe2 Be7 11.Bg5 O-O 12.Rad1 Nbd5 13.Nxd5 exd5 14.Bb3 h6 15.Bh4 Bf5
16.Rc1 Re8 17.Ne5 Qb6 18.Qf3 Be4 19.Qc3 Rac8 20.Qe3 Ng4 21.Nxg4 Bxh4 22.Rc3 Rxc3
23.Qxc3 Qe6 24.Ne3 Bg5 25.Re1 Rc8 26.Qd2 Qb6 27.Bd1 Be7 28.Nxd5 Bxd5 29.Rxe7 Qg6
30.f3 Qb1 31.Kf2 Be6 32.d5 Rd8 33.Bb3 Qf5 34.Rxb7 Bxd5 35.Rb4 Qb1 36.Bxd5 Rc8
37.Rc4 Rb8 38.b4 a5 39.Be4 Qh1 40.Rd4  1-0

[Event "Lazne Bohdanec-B"]
[Site "Lazne Bohdanec"]
[Date "1996.??.??"]
[Round "11"]
[White "Pokorny, Tomas"]
[Black "Valenta, Vit"]
[Result "1/2-1/2"]
[WhiteElo "2285"]
[BlackElo "2320"]

1.d4 d5 2.Nf3 Nf6 3.c4 dxc4 4.e3 e6 5.Bxc4 c5 6.Nc3 a6 7.a4 Nc6 8.O-O Be7
9.dxc5 Qa5 10.Bd2 Qxc5 11.Qe2 O-O 12.e4 e5 13.h3 Nd4 14.Nxd4 exd4 15.Nd5 Nxd5
16.Bxd5 Be6 17.Rfc1 Qb6 18.a5 Qxb2 19.Rcb1 Qc2 20.Rc1 Qb2 21.Rcb1 Qc2 22.Rc1  1/2-1/2

[Event "Litomysl op"]
[Site "Litomysl"]
[Date "1996.??.??"]
[Round "6"]
[White "Cech, Pavel"]
[Black "Valenta, Vit"]
[Result "1/2-1/2"]
[WhiteElo "2325"]
[BlackElo "2285"]

1.d4 d5 2.c4 dxc4 3.e3 Nf6 4.Bxc4 e6 5.Nf3 c5 6.O-O a6 7.a4 Qc7 8.Qe2 Nc6
9.Nc3 Be7 10.h3 O-O 11.d5 exd5 12.Nxd5 Nxd5 13.Bxd5 Nb4 14.Bc4 Bf6 15.e4 Re8
16.Bg5 Qe7 17.Bxf6 Qxf6 18.Rad1 Be6 19.e5 Qg6 20.Rd6 Rad8 21.Rfd1 Rxd6 22.exd6 Nc6
23.Bd5 Bd7 24.Qc4 Bxh3 25.Nh4 Qg4 26.Bxf7+ Kf8 27.Qxg4 Bxg4 28.Bxe8 Bxd1
29.Bxc6 bxc6 30.Nf5 Ke8 31.Nxg7+ Kd7 32.Nf5 Bxa4 33.Kf1 Bb5+ 34.Ke1 Bd3 35.Ne3 Kxd6
36.Kd2 Be4 37.Kc3 Bd5 38.f4 Ke6 39.g4 Kf6 40.Kd3 a5 41.Nc4 Be6 42.Ne3  1/2-1/2

[Event "Ljubljana op"]
[Site "Ljubljana"]
[Date "1996.??.??"]
[Round "7"]
[White "Bukic, Enver"]
[Black "Marinsek, Tomaz"]
[Result "1/2-1/2"]
[WhiteElo "2435"]
[BlackElo "2200"]

1.d4 d5 2.Nf3 Nf6 3.c4 dxc4 4.e3 e6 5.Bxc4 c5 6.O-O a6 7.a3 cxd4 8.exd4 Nc6
9.Nc3 Be7 10.Be3 O-O 11.Qe2 Qc7 12.Rac1 Rd8 13.Rfd1 Qa5 14.h3 Qh5 15.Ne5 Qxe2
16.Bxe2 Bd7 17.Bf3 Be8 18.Nxc6 bxc6 19.Na4 Nd5 20.Rc2 Rab8 21.Bd2 Rb3 22.Ba5 Rdb8
23.Be2 c5 24.Nxc5 Rxb2 25.Rxb2 Rxb2 26.Bxa6 Bc6 27.Bf1 g6 28.Be1 Ra2 29.a4 Bxa4
30.Nxa4 Rxa4 31.Bb5 Ra2 32.Bc4 Rc2 33.Bb3 Rb2 34.Bxd5 exd5 35.Kf1 Bf6 36.Ra1 Bxd4
37.Rd1 Bf6  1/2-1/2

[Event "Mar del Plata op"]
[Site "Mar del Plata"]
[Date "1996.??.??"]
[Round "3"]
[White "Scarella, Enrique"]
[Black "Leitao, Rafael"]
[Result "1-0"]
[WhiteElo "2330"]
[BlackElo "2445"]

1.d4 d5 2.c4 e6 3.Nf3 c6 4.e3 Nf6 5.Bd3 dxc4 6.Bxc4 c5 7.O-O Nc6 8.Nc3 cxd4
9.exd4 Be7 10.a3 O-O 11.Re1 b6 12.Bg5 Bb7 13.Qd3 Rc8 14.Rad1 Qc7 15.Ba2 Rfd8
16.Qe2 Re8 17.Bxf6 Bxf6 18.d5 Na5 19.dxe6 fxe6 20.Nb5 Qc2 21.Bxe6+ Kf8 22.Ne5 Bxe5
23.Qxe5  1-0

[Event "Wch U20 Girls"]
[Site "Medellin"]
[Date "1996.??.??"]
[Round "3"]
[White "Goletiani, Rusudan"]
[Black "Skripchenko, Almira"]
[Result "1/2-1/2"]
[WhiteElo "2250"]
[BlackElo "2370"]

1.Nf3 d5 2.d4 Nf6 3.c4 dxc4 4.e3 e6 5.Bxc4 c5 6.O-O a6 7.Qe2 b5 8.Bd3 cxd4
9.exd4 Bb7 10.Nc3 Be7 11.Ne4 Nc6 12.Rd1 Nd5 13.Nc5 Bxc5 14.dxc5 Qe7 15.Be4 Nd8  1/2-1/2

[Event "Wch U20"]
[Site "Medellin"]
[Date "1996.??.??"]
[Round "8"]
[White "Maherramzade, Javad"]
[Black "Gyimesi, Zoltan"]
[Result "1/2-1/2"]
[WhiteElo "2415"]
[BlackElo "2480"]

1.d4 d5 2.Nf3 Nf6 3.c4 dxc4 4.e3 e6 5.Bxc4 c5 6.O-O a6 7.Bd3 Nc6 8.Nc3 cxd4
9.exd4 g6 10.Bg5 Bg7 11.Ne4 h6 12.Nxf6+ Bxf6 13.Be3 Bg7 14.Qc1 O-O 15.Bxh6 Nxd4
16.Nxd4 Bxh6 17.Qxh6 Qxd4 18.Rad1 Qxb2 19.Rb1 Qg7 20.Qe3 e5  1/2-1/2

[Event "Wch U20"]
[Site "Medellin"]
[Date "1996.??.??"]
[Round "13"]
[White "Lauber, Arnd"]
[Black "Moreda, Lucas"]
[Result "1-0"]
[WhiteElo "2380"]
[BlackElo "2285"]

1.d4 d5 2.c4 dxc4 3.Nf3 Nf6 4.e3 e6 5.Bxc4 c5 6.O-O cxd4 7.exd4 Be7 8.Qe2 O-O
9.Nc3 b6 10.Bg5 Bb7 11.Rad1 Nc6 12.Rfe1 Qc8 13.d5 exd5 14.Nxd5 Nxd5 15.Bxd5 Bb4
16.Bd2 Bxd2 17.Qxd2 Qc7 18.Qc2 h6 19.Ne5 Rac8 20.Nxc6 Bxc6 21.Rc1 Qd6 22.Bxc6 Rc7
23.Re3 b5 24.Rc3 b4 25.Rc4 Rd8 26.Bf3 Rxc4 27.Qxc4 Qd2 28.Qc2 a5 29.Qxd2 Rxd2
30.Rc8+ Kh7 31.Rc2  1-0

[Event "Wch U18"]
[Site "Menorca"]
[Date "1996.??.??"]
[Round "5"]
[White "Avrukh, Boris"]
[Black "Baron Rodriguez, Jesus"]
[Result "1-0"]
[WhiteElo "2500"]
[BlackElo "2270"]

1.d4 d5 2.c4 dxc4 3.e3 e6 4.Bxc4 Nf6 5.Nf3 c5 6.O-O Nc6 7.Qe2 cxd4 8.Rd1 Be7
9.exd4 O-O 10.Nc3 Na5 11.Bd3 b6 12.Bg5 Bb7 13.Rac1 Rc8 14.Bb1 Nd5 15.Qe4 g6
16.Qh4 f6 17.Bh6 Nxc3 18.bxc3 Bxf3 19.gxf3 f5 20.Qg3 Rf7 21.Re1 Bh4 22.Qg2 Qd6
23.Re2 Re7 24.a4 Nc4 25.Rce1 Kf7 26.Bc1 Bf6 27.Ba2 a6 28.Bg5 b5 29.axb5 axb5
30.f4 Bxg5 31.fxg5 Rcc7 32.Qh3 Kg7 33.Qg3 Qxg3+ 34.hxg3 Kf7 35.f4 Rc6 36.Kg2 Nb6
37.Re5 Na4 38.d5 Rxc3 39.R1e2 Rc5 40.d6 Rxe5 41.Rxe5 Rb7 42.Bxe6+ Kf8 43.Bc8  1-0

[Event "Moscow GM1"]
[Site "Moscow"]
[Date "1996.??.??"]
[Round "?"]
[White "Fish, Gannadij"]
[Black "Mesropov, Konstantin"]
[Result "0-1"]
[WhiteElo "2435"]
[BlackElo "2375"]

1.d4 d5 2.c4 dxc4 3.e3 Nf6 4.Bxc4 e6 5.Nf3 c5 6.O-O a6 7.a4 Nc6 8.Qe2 Qc7
9.Nc3 Bd6 10.h3 O-O 11.Rd1 h6 12.dxc5 Bxc5 13.e4 Nd7 14.Be3 b6 15.Bxc5 bxc5
16.Qe3 Bb7 17.Rd2 Na5 18.Ba2 Nb6 19.Qe2 Bc6 20.b3 Nd7 21.Qd1 Ne5 22.Nxe5 Qxe5
23.Rc1 Rab8 24.Rd6 Rb4 25.Qd3 Bb7 26.Rd8 Nc6 27.Rxf8+ Kxf8 28.Qd7 g5 29.Nb5 axb5
30.Qxb7 Nd4 31.Qc8+ Kg7 32.Qxc5 Qxe4 33.Kh1 Ne2 34.Bb1 Qd4 35.Qxd4+ Nxd4
36.axb5 Nxb3 37.Rc7 Rxb5 38.Be4 Rc5 39.Ra7 Nd2 40.Bd3 Rc3 41.Be2 Kg6 42.g3 Ne4
43.Kg2 Rb3 44.Bc4 Rc3 45.Be2 Nf6 46.Bf3 Rc2 47.Re7 Rd2 48.Bc6 Rd8 49.Rc7 Rd6
50.Ba4 Rd2 51.Bc6 Kg7 52.Re7 Kf8 53.Ra7 Rd6 54.Rc7 Rd4 55.Ra7 Rc4 56.Bb5 Rc2
57.Ra8+ Kg7 58.Ra7 h5 59.Kf1 Rc1+ 60.Kg2 Rc2 61.Kf1 Rb2 62.Be2 Rd2 63.Ke1 Rd4
64.Kf1 h4 65.gxh4 Rxh4 66.Kg2 Rd4 67.Bf3 Kg6 68.Kg3 Rf4 69.Re7 Ng8 70.Ra7 Rd4
71.Ra3 Ne7 72.Bg4 Nc8 73.Ra8 Rc4 74.Ra6 Rc3+ 75.f3 Ne7 76.h4 gxh4+ 77.Kxh4 Nc6
78.Ra8 Nd4 79.Bh5+ Kh6  0-1

[Event "Moscow-C"]
[Site "Moscow"]
[Date "1996.??.??"]
[Round "?"]
[White "Zhidkov, Valery S"]
[Black "Vorotnikov, Vladislav V"]
[Result "1/2-1/2"]
[WhiteElo "2385"]
[BlackElo "2505"]

1.d4 d5 2.c4 dxc4 3.Nf3 Nf6 4.e3 e6 5.Bxc4 c5 6.O-O Nc6 7.dxc5 Qxd1 8.Rxd1 Bxc5
9.Nc3 a6 10.a3 Ke7  1/2-1/2

[Event "Moscow-ch"]
[Site "Moscow"]
[Date "1996.??.??"]
[Round "1"]
[White "Dolinskij, Boris"]
[Black "Zakharov, Alexander S"]
[Result "0-1"]
[WhiteElo "2210"]
[BlackElo "2340"]

1.d4 d5 2.c4 dxc4 3.e3 Nf6 4.Bxc4 e6 5.Nf3 c5 6.O-O a6 7.Bd3 Nbd7 8.Qe2 b5
9.a4 b4 10.Nbd2 Bb7 11.Rd1 cxd4 12.exd4 Be7 13.Nb3 Bd5 14.Bc2 O-O 15.Be3 Rc8
16.Rac1 Qb6 17.Ne5 Qb7 18.f3 Qa8 19.Bg5 Bd6 20.Kh1 Qa7 21.Na5 g6 22.Bb1 Rxc1
23.Bxc1 Qc7 24.Nac4 Bxc4 25.Nxc4 Bxh2 26.g4 Bf4 27.Ba2 Bxc1 28.Rxc1 Qc6 29.Kh2 Qxa4
30.Bb1 Qb5 31.Bd3 Qg5 32.Qe3 Qh4+ 33.Kg2 Nd5 34.Qd2 Qf6 35.Be4 Rc8 36.b3 Qf4
37.Qxf4 Nxf4+ 38.Kf1 Nd5 39.Ra1 f5 40.gxf5 gxf5 41.Nd6 Rc3 42.Bxd5 exd5 43.Rxa6 Rxf3+
44.Ke2 Rxb3 45.Ra8+ Nf8 46.Nxf5 Kf7 47.Nd6+ Ke6 48.Rxf8 Kxd6 49.Rf6+ Kc7
50.Rh6 Rc3 51.Kd2 Rc4 52.Kd3 b3 53.Rxh7+ Kc6 54.Rh8 Kb5 55.Rd8 Kb4 56.Ra8 b2
57.Rb8+ Ka3 58.Ra8+ Kb3 59.Rb8+ Rb4 60.Rxb4+ Kxb4 61.Kc2 Kc4  0-1

[Event "RUS-Cup2"]
[Site "Moscow"]
[Date "1996.??.??"]
[Round "3"]
[White "Baikov, Vladimir A"]
[Black "Zakharov, Alexander S"]
[Result "1-0"]
[WhiteElo "2470"]
[BlackElo "2340"]

1.d4 d5 2.c4 dxc4 3.e3 Nf6 4.Bxc4 e6 5.Nf3 c5 6.O-O a6 7.b3 Nc6 8.Bb2 cxd4
9.Nxd4 Bd7 10.Nd2 Be7 11.Be2 O-O 12.Bf3 Rc8 13.Rc1 Nxd4 14.Bxd4 b5 15.Rxc8 Qxc8
16.Qb1 Qb8 17.Rc1 Rc8 18.h3 h6 19.Qb2 Rxc1+ 20.Qxc1 e5 21.Bb2 Bd6 22.Ba3 Qb6
23.Bb2 Kf8 24.Qc2 Qc7 25.Qxc7 Bxc7 26.Bb7 Ke7 27.Nf3 Ke6 28.Bxa6 Bc6 29.Bc8+ Nd7
30.Ne1 Bd6 31.Nd3 b4 32.Ba6 Nb6 33.Bc1 e4 34.Ne1 Nd5 35.Bc4 Kd7 36.Bd2 Nc3
37.Bxc3 bxc3 38.Bxf7 Bb5 39.Bg6 Bc6 40.Nc2 Ke6 41.Kf1 Kf6 42.Bh5 Bb5+ 43.Ke1 Bd3
44.Bd1 Ke5 45.Nd4 Bc5 46.Nc2 g5 47.b4 Ba7 48.Na1 Bb8 49.Bb3 Bd6 50.a3 h5
51.Nc2 h4 52.Nd4 Kf6 53.Bc2 Kf7 54.Kd1 Be5 55.Nb3 Ke6 56.Bxd3  1-0

[Event "RUS-Cup2"]
[Site "Moscow"]
[Date "1996.??.??"]
[Round "5"]
[White "Korotylev, Alexey"]
[Black "Zakharov, Alexander S"]
[Result "1-0"]
[WhiteElo "2435"]
[BlackElo "2340"]

1.d4 d5 2.c4 dxc4 3.Nf3 Nf6 4.e3 e6 5.Bxc4 c5 6.Qe2 a6 7.dxc5 Bxc5 8.O-O b6
9.e4 Bb7 10.Nc3 Nbd7 11.e5 Ng4 12.Ne4 Qc7 13.Bf4 Ngf6 14.Nd6+ Bxd6 15.exd6 Qc6
16.Rac1 Qe4 17.Qd2 Qg6 18.Be2 Nd5 19.Bg3 O-O 20.Bd3 f5 21.Rfe1 Rae8 22.Ne5 Nxe5
23.Bxe5 Qf7 24.Rc4 Rc8 25.Rec1 Rxc4 26.Rxc4 Rd8 27.Be2 Rd7 28.Bf3 h6 29.Qd4 Kh7
30.h3 Qf8 31.a4 Rxd6 32.Bxd6 Qxd6 33.Bxd5 Bxd5 34.Rc3 Qb8 35.f4 Qb7 36.Qe5 Qf7
37.Kh2 b5 38.a5 b4 39.Rc7 Qg6 40.Qe2 Qf6 41.Qd2 Be4 42.Qxb4 Qg6 43.Qd2 e5
44.fxe5 f4 45.Qf2 Qf5 46.e6 f3 47.Qg3 Qf6 48.Rf7 Qxb2 49.e7 fxg2 50.Qxg7+  1-0

[Event "RUS-Cup2"]
[Site "Moscow"]
[Date "1996.??.??"]
[Round "5"]
[White "Kharitonov, Andrei Y"]
[Black "Sher, Miron N"]
[Result "1/2-1/2"]
[WhiteElo "2540"]
[BlackElo "2475"]

1.d4 e6 2.c4 d5 3.Nf3 c6 4.e3 Nf6 5.Bd3 dxc4 6.Bxc4 c5 7.O-O a6 8.a4 Nc6
9.Qe2 Qc7 10.Nc3 Bd6 11.Rd1 O-O 12.h3 b6 13.d5 exd5 14.Bxd5 Rb8 15.Bc4 Nb4
16.e4 Nd7 17.Na2 Nxa2 18.Rxa2 a5 19.b3 Ne5 20.Nxe5 Bxe5 21.Bb2 Bb7 22.Bxe5 Qxe5
23.f3 Rfd8 24.Rad2 Rxd2 25.Rxd2 Bc6 26.Qd1 Kf8 27.Rd6 Be8 28.Rd5 Qf4 29.Qd3 g6
30.e5 Rb7 31.Kf2 Qh4+ 32.Kg1  1/2-1/2

[Event "RUS-Cup2"]
[Site "Moscow"]
[Date "1996.??.??"]
[Round "7"]
[White "Moskalenko, Viktor"]
[Black "Daschian, Nikolai V"]
[Result "1/2-1/2"]
[WhiteElo "2470"]
[BlackElo "2415"]

1.d4 d5 2.c4 dxc4 3.Nf3 Nf6 4.e3 e6 5.Bxc4 c5 6.O-O a6 7.Qe2 b5 8.Bb3 Bb7
9.Nc3 Nbd7 10.Rd1 Qb6 11.d5 exd5 12.Nxd5 Nxd5 13.Bxd5 Bxd5 14.Rxd5 Be7 15.b3 Rd8
16.Bb2 O-O 17.Qc2 Rfe8 18.Rad1 Nf8 19.e4 Ne6 20.g3 Nc7 21.Rxd8 Rxd8 22.Rxd8+ Bxd8
23.Qd3 Ne6 24.Qd7 Qc7 25.Qe8+ Nf8 26.Ne5 Qe7 27.Qxe7 Bxe7 28.Nc6 Bd6 29.e5 Bc7
30.Ne7+ Kh8 31.Nd5 Bb8 32.f4 Nd7 33.Kf2 Kg8 34.Ke3 Kf8 35.Bc3 h5 36.Ke4 g6
37.Ba5 Ke8 38.Bc7 Kf8 39.Nb6 Nxb6 40.Bxb6 c4 41.bxc4 bxc4 42.Bc5+ Ke8 43.Bd4 Bc7
44.Kd5 Kd7 45.Bc3 Bb6 46.h3 Be3 47.Kxc4 h4 48.Kd3 Bc1 49.Be1 Ke6 50.Ke4 hxg3
51.Bxg3 Bd2 52.Bh4 Bc1 53.a4 Bb2 54.Bg5 Bc3 55.Bf6 Bb2 56.Bg7 Bc3 57.Kf3 Bd2
58.Kg4 Bc1 59.h4 Bd2 60.f5+ gxf5+ 61.Kf3 f6 62.Bxf6 Bc3 63.h5 Bxe5 64.Bg5 Bd4
65.Bf4 Kf6 66.Ke2 Be5 67.Bxe5+ Kxe5 68.Kf3 a5 69.Ke3 Ke6 70.Kf3  1/2-1/2

[Event "RUS-Cup2"]
[Site "Moscow"]
[Date "1996.??.??"]
[Round "8"]
[White "Kiriakov, Petr"]
[Black "Donchenko, Anatoly G"]
[Result "1-0"]
[WhiteElo "2515"]
[BlackElo "2370"]

1.d4 d5 2.c4 dxc4 3.e3 Nf6 4.Bxc4 e6 5.Nf3 c5 6.O-O a6 7.Qe2 b5 8.Bb3 Bb7
9.a4 Nbd7 10.axb5 axb5 11.Rxa8 Qxa8 12.Nc3 b4 13.Nb5 Bxf3 14.Qxf3 Qxf3 15.gxf3 Be7
16.e4 O-O 17.Be3 cxd4 18.Nxd4 Ra8 19.Rc1 Kf8 20.Nc6 Bd6 21.Kg2 h6 22.Rd1 Bc7
23.Bd2 Bd6 24.Be1 Bc5 25.e5 Nd5 26.Bxd5 exd5 27.Rxd5 Ke8 28.Bxb4 Bxb4 29.Nxb4 Rb8
30.Nd3 Rc8 31.f4 g6 32.Kf3 Rc2 33.Ke3 Nb6 34.Rb5 Nc4+ 35.Kd4 Nd2 36.Rb8+ Ke7
37.Rb7+ Kf8 38.e6 fxe6 39.Ne5 Nf1 40.Nxg6+ Ke8 41.h4 Rxf2 42.Ke5 Re2+ 43.Kf6 Ng3
44.Rb5 Ne4+ 45.Kxe6 Nc3+ 46.Re5 Rxb2 47.Kf6+ Kd7 48.Kg7 Nb5 49.f5 Nd6 50.f6 Rf2
51.Rd5 h5 52.Rxd6+  1-0

[Event "JUG-chT"]
[Site "Niksic"]
[Date "1996.??.??"]
[Round "?"]
[White "Petronic, Jovan"]
[Black "Vujovic, Milorad"]
[Result "1-0"]
[WhiteElo "2440"]
[BlackElo "2310"]

1.d4 d5 2.Nf3 Nf6 3.c4 dxc4 4.e3 e6 5.Bxc4 c5 6.O-O a6 7.Qe2 b5 8.Bb3 Bb7
9.Rd1 Qc7 10.a4 c4 11.Bc2 b4 12.Nbd2 c3 13.Nf1 Nbd7 14.e4 b3 15.Bxb3 Bxe4
16.Ng5 Bd5 17.Bxd5 Nxd5 18.Nxe6 fxe6 19.Qxe6+ Ne7 20.bxc3 Qxc3 21.Bg5 Qc6
22.Qe3 Nf6 23.Bxf6 Qxf6 24.Ng3 Rd8 25.Rab1 h6 26.d5 Kf7 27.Rb6 Rd6 28.Rb7 Kg8
29.Ne4 Qg6 30.Nxd6 Qxd6 31.Qe6+ Qxe6 32.dxe6 g5 33.Rdd7 Kg7 34.Rxe7+ Bxe7
35.Rxe7+ Kf6 36.Ra7 Rc8 37.h3 Rc6 38.e7 Kf7 39.g3 Ke8 40.Kg2 h5 41.a5 g4
42.hxg4 hxg4 43.Kf1 Re6 44.Kg1 Rc6 45.Kg2 Rf6 46.Rb7 Rf5 47.Rb4 Rxa5 48.Rxg4 Kxe7
49.Rg6 Ra2 50.g4 a5 51.Kg3 Kd7 52.g5 Kc7 53.Re6 Ra1 54.Kg4 Kb7 55.f4 a4 56.Re4 Kb6
57.Kf5 Kb5 58.g6 a3 59.Re8 Rg1 60.Ra8 Kb4 61.Kf6 Rg4 62.f5 Kb3 63.g7 a2 64.Kf7  1-0

[Event "JUG-ch op"]
[Site "Nis"]
[Date "1996.??.??"]
[Round "8"]
[White "Zhukova, Natalia"]
[Black "Djukic, Zeljko"]
[Result "1/2-1/2"]
[WhiteElo "2355"]
[BlackElo "2385"]

1.d4 Nf6 2.Nf3 d5 3.c4 dxc4 4.e3 e6 5.Bxc4 c5 6.O-O a6 7.a4 Nc6 8.Qe2 cxd4
9.Rd1 Be7 10.exd4 O-O 11.Nc3 Nd5 12.Qe4 Nf6 13.Qe2 Nd5 14.Ne4  1/2-1/2

[Event "JUG-ch op"]
[Site "Nis"]
[Date "1996.??.??"]
[Round "10"]
[White "Ristic, Nenad"]
[Black "Drasko, Milan"]
[Result "0-1"]
[WhiteElo "2415"]
[BlackElo "2505"]

1.d4 Nf6 2.Nf3 d5 3.c4 dxc4 4.e3 e6 5.Bxc4 c5 6.O-O a6 7.a3 b5 8.Ba2 Bb7
9.Nc3 Nbd7 10.Re1 Qc7 11.e4 cxd4 12.Nxd4 Bd6 13.g3 Bc5 14.Be3 Rd8 15.Rc1 Qd6
16.Nb3 Qxd1 17.Rcxd1 Bxe3 18.Rxe3 Ke7 19.Red3 Bxe4 20.Rxd7+ Rxd7 21.Rxd7+ Kxd7
22.Nc5+ Ke7 23.N5xe4 Nxe4 24.Nxe4 Rc8 25.Nc3 a5 26.Nxb5 Rc2 27.Kg2 g5 28.Nd4 Rxb2
29.Bc4 Kd6 30.Bf1 g4 31.Ba6 Kc5 32.Ne2 Ra2 33.Bd3 Rxa3 34.Bxh7 Rb3 35.Bg8 Rb7
36.Nc3 Kd4 37.Ne2+ Ke5 38.Bh7 f5 39.Bg8 Rg7 40.Bxe6 Kxe6 41.Nd4+ Kf6 42.f3 a4
43.Nb5 Rb7 44.Nd6 Rb2+ 45.Kg1 a3  0-1

[Event "ESP-chT"]
[Site "Oropesa del Mar"]
[Date "1996.??.??"]
[Round "1"]
[White "Izeta Txabarri, Felix"]
[Black "Rodriguez Talavera, Juan Carlos"]
[Result "1-0"]
[WhiteElo "2525"]
[BlackElo "2405"]

1.d4 d5 2.c4 dxc4 3.Nf3 Nf6 4.e3 e6 5.Bxc4 c5 6.Qe2 cxd4 7.exd4 Be7 8.O-O O-O
9.Nc3 Nbd7 10.Bg5 Nb6 11.Bb3 Bd7 12.Rad1 Bc6 13.Ne5 Nfd5 14.Bc1 Nxc3 15.bxc3 Nd5
16.Rd3 Rc8 17.Rh3 g6 18.Qd2 g5 19.Qe2  1-0

[Event "ESP-chTB"]
[Site "Oropesa del Mar"]
[Date "1996.??.??"]
[Round "8"]
[White "Alvarez Ibarra, D Rafael"]
[Black "Baron Rodriguez, Jesus"]
[Result "1/2-1/2"]
[WhiteElo "2435"]
[BlackElo "2205"]

1.d4 d5 2.c4 dxc4 3.Nf3 Nf6 4.e3 e6 5.Bxc4 c5 6.O-O a6 7.Bb3 Nc6 8.Nc3 Qc7
9.Qe2 b5 10.d5 exd5 11.Nxd5 Nxd5 12.Bxd5 Bd6 13.b4 c4 14.a4 Bb7 15.axb5 axb5
16.Rxa8+ Bxa8 17.Nd4 O-O 18.Nxb5 Bxh2+ 19.Kh1 Qb6 20.Kxh2 Qxb5 21.Qxc4 Qb8+
22.Kg1 Ne5 23.Qe4 Bxd5 24.Qxd5 Ng4 25.Qh5 Qxb4 26.Ba3  1/2-1/2

[Event "Komercni Banka op"]
[Site "Pardubice"]
[Date "1996.??.??"]
[Round "4"]
[White "Stohl, Igor"]
[Black "Vokac, Marek"]
[Result "1/2-1/2"]
[WhiteElo "2560"]
[BlackElo "2470"]

1.d4 d5 2.c4 dxc4 3.Nf3 Nf6 4.e3 e6 5.Bxc4 c5 6.Qe2 a6 7.dxc5 Bxc5 8.O-O Nbd7
9.e4 b5 10.Bd3 Bb7 11.a4 O-O 12.e5 Bxf3 13.gxf3 Nd5 14.axb5 axb5 15.Rxa8 Qxa8
16.Bxb5 Qb7 17.Nc3 Nxc3 18.bxc3 Rb8 19.Bxd7  1/2-1/2

[Event "Komercni Banka op"]
[Site "Pardubice"]
[Date "1996.??.??"]
[Round "8"]
[White "Dydyshko, Viacheslav"]
[Black "Jonkman, Harmen"]
[Result "1-0"]
[WhiteElo "2545"]
[BlackElo "2325"]

1.d4 d5 2.c4 dxc4 3.e3 Nf6 4.Bxc4 e6 5.Nf3 c5 6.O-O a6 7.Bd3 Nc6 8.a3 b5
9.dxc5 Bxc5 10.Qc2 Qb6 11.Nbd2 Bb7 12.Nb3 Bd6 13.e4 Ng4 14.Rd1 Rd8 15.h3 Nge5
16.Be3 Nxf3+ 17.gxf3 Qc7 18.Nc5 Bc8 19.Rac1 Ne5 20.Be2 Ng6 21.Nb3 Qxc2 22.Rxc2 Bf4
23.Rdc1 O-O 24.Rc6 e5 25.R1c2 f5 26.Bb6 Rde8 27.a4 fxe4 28.axb5 axb5 29.fxe4 Bb7
30.Bxb5 Bxc6 31.Bxc6 Rb8 32.Bc7 Rbc8 33.Bb7 Rce8 34.Bc6 Rc8 35.Bb7 Rce8 36.Nc5 h6
37.Nd7 Rf7 38.Bd5 Bg5 39.b4 Nf4 40.Bxf7+ Kxf7 41.b5 Ra8 42.b6 Ra1+ 43.Kh2 Rb1
44.Nxe5+ Ke6 45.Nc4 Nd3 46.Na5 Ne1 47.Rc3 Rb2 48.b7 Rxf2+ 49.Kg1  1-0

[Event "Komercni Banka op"]
[Site "Pardubice"]
[Date "1996.??.??"]
[Round "9"]
[White "Ulak, Slawomir"]
[Black "Grabliauskas, Virginijus"]
[Result "1/2-1/2"]
[WhiteElo "2310"]
[BlackElo "2430"]

1.d4 d5 2.c4 dxc4 3.e3 Nf6 4.Bxc4 e6 5.Nf3 c5 6.O-O a6 7.Qe2 b5 8.Bb3 Bb7
9.a4 Nbd7 10.axb5 axb5 11.Rxa8 Qxa8 12.Nc3 b4 13.Nb5 Qa5 14.Ne5 Nxe5 15.dxe5 Nd7
16.e4 Nxe5 17.Bf4 Ba6 18.Nc7+ Qxc7 19.Qxa6 Bd6 20.Bxe5 Bxe5 21.Qa8+ Qb8 22.Qc6+ Ke7
23.Qxc5+ Qd6 24.Qa7+ Qc7 25.Qxc7+ Bxc7 26.Bc4 Rd8 27.b3 Bb6 28.Kh1 Rd4 29.Re1 g5
30.g3 Rd2 31.Re2 Rxe2 32.Bxe2 Bxf2 33.Kg2 Bc5 34.h4 h6 35.hxg5 hxg5 36.Bh5 f6
37.Kf3  1/2-1/2

[Event "Paris op"]
[Site "Paris"]
[Date "1996.??.??"]
[Round "3"]
[White "Chatalbashev, Boris"]
[Black "Loeffler, Markus"]
[Result "1-0"]
[WhiteElo "2455"]
[BlackElo "2350"]

1.d4 d5 2.Nf3 e6 3.c4 dxc4 4.e3 c5 5.Bxc4 Nf6 6.O-O a6 7.Qe2 b5 8.Bb3 Bb7
9.a4 b4 10.Nbd2 Nbd7 11.e4 cxd4 12.e5 Nd5 13.Ne4 Qb8 14.a5 Nxe5 15.Ba4+ Nd7
16.Neg5  1-0

[Event "Paris op"]
[Site "Paris"]
[Date "1996.??.??"]
[Round "7"]
[White "Kazhgaleyev, Murtas"]
[Black "Dunnington, Angus J"]
[Result "1-0"]
[WhiteElo "2490"]
[BlackElo "2450"]

1.d4 d5 2.c4 dxc4 3.e3 Nf6 4.Bxc4 e6 5.Nf3 c5 6.O-O a6 7.Bb3 Nbd7 8.Qe2 b5
9.e4 Bb7 10.d5 e5 11.a4 c4 12.Bc2 Bc5 13.axb5 axb5 14.Rxa8 Qxa8 15.b3 Ba6
16.Bb2 Qb8 17.Nbd2 O-O 18.Ra1 Qd6 19.bxc4 bxc4 20.Nxe5 Nxe5 21.Bxe5 Qxe5
22.Rxa6 Nxd5 23.Nxc4 Qe7 24.e5 Nb4 25.Ra5 Nxc2 26.Qxc2 h6 27.g3 Rd8 28.Qe4 Qc7
29.Kg2 Ba7 30.Ra3 Rd4 31.Qa8+ Kh7 32.Nd6 Bc5 33.Rc3 Qb6 34.Nxf7 Rd2 35.Qe4+  1-0

[Event "Paris op"]
[Site "Paris"]
[Date "1996.??.??"]
[Round "8"]
[White "Dizdar, Goran"]
[Black "Lazarev, Vladimir"]
[Result "1/2-1/2"]
[WhiteElo "2525"]
[BlackElo "2445"]

1.d4 Nf6 2.Nf3 d5 3.c4 dxc4 4.e3 e6 5.Bxc4 c5 6.O-O a6 7.Bb3 Nc6 8.Qe2 cxd4
9.Rd1 Be7 10.exd4 Na5 11.Bc2 b5 12.Bg5 Bb7 13.Nc3 O-O 14.Bxf6 Bxf6 15.Ne5 Rc8
16.Be4 Qc7 17.Bxb7 Nxb7 18.Ng4 Be7 19.d5 b4 20.Na4 Qc4 21.Qxc4 Rxc4 22.Ne3 Re4
23.Rac1 exd5 24.Rc7 Rb8 25.Nxd5 Bf8 26.Kf1 Re6 27.Ndb6 Rd6 28.Rdc1 Nd8 29.Rc8 Rxc8
30.Rxc8 Ne6 31.g3 f6 32.Ra8 Nc7 33.Rb8 f5 34.Ke2 Ne6 35.Rb7 Rc6 36.Rd7 Nc5
37.Nxc5 Rxc5 38.b3 Rc2+ 39.Rd2 Rxd2+ 40.Kxd2 Bc5 41.Nd5 Bxf2 42.Nxb4  1/2-1/2

[Event "USA-ch (Women)"]
[Site "Parsippany"]
[Date "1996.??.??"]
[Round "8"]
[White "Akhsharumova, Anna M"]
[Black "Levitina, Irina S"]
[Result "1/2-1/2"]
[WhiteElo "2340"]
[BlackElo "2420"]

1.d4 d5 2.c4 dxc4 3.e3 c5 4.Bxc4 e6 5.Nf3 Nf6 6.O-O Nc6 7.Nc3 cxd4 8.exd4 Be7
9.Qe2 O-O 10.Rd1 Nb4 11.Ne5 Bd7 12.d5 Nbxd5 13.Nxd5 exd5 14.Bxd5 Nxd5 15.Rxd5 Bg4
16.Qc4 Qxd5 17.Qxd5 Rad8 18.Qb3 Rd1+ 19.Qxd1 Bxd1 20.Be3 Rd8 21.Bxa7 Bf6
22.f4 Bxe5 23.fxe5 Ba4 24.Be3 Rd5 25.Bf4 Rd1+ 26.Rxd1 Bxd1 27.Kf2 Kf8 28.Ke3 Ke7
29.Kd4 Kd7 30.Kc5 h5 31.Kb5 Bc2 32.a4 Be4 33.g3 g6 34.b4 Bf3 35.Kb6 Kc8 36.a5 Be4  1/2-1/2

[Event "ARG-ch"]
[Site "Pena City"]
[Date "1996.??.??"]
[Round "14"]
[White "Zarnicki, Pablo"]
[Black "Ricardi, Pablo"]
[Result "1/2-1/2"]
[WhiteElo "2540"]
[BlackElo "2535"]

1.d4 d5 2.c4 dxc4 3.Nf3 Nf6 4.e3 e6 5.Bxc4 c5 6.O-O a6 7.b3 cxd4 8.Nxd4 Bd7
9.Bb2 Nc6 10.Nxc6 Bxc6 11.Nc3 Qxd1 12.Rfxd1 Be7 13.Be2 O-O 14.Bf3  1/2-1/2

[Event "Portoroz"]
[Site "Portoroz"]
[Date "1996.??.??"]
[Round "?"]
[White "Kragelj, Igor"]
[Black "Palac, Mladen"]
[Result "0-1"]
[WhiteElo "2195"]
[BlackElo "2545"]

1.d4 d5 2.c4 dxc4 3.Nf3 Nf6 4.e3 e6 5.Bxc4 c5 6.O-O a6 7.a4 Nc6 8.Qe2 Qc7
9.Nc3 Bd6 10.Rd1 O-O 11.h3 b6 12.dxc5 Bxc5 13.e4 Nh5 14.Be3 Nf4 15.Qd2 Bxe3
16.Qxe3 Bb7 17.Rac1 Rfd8 18.Ba2 Rxd1+ 19.Rxd1 Ng6 20.Rc1 Rc8 21.Rd1 h6 22.Rc1 Qf4
23.Qxf4 Nxf4 24.Rd1 Rc7 25.h4 Kf8 26.g3 Ng6 27.Kf1 Ke7 28.Ke2 Rd7 29.Rxd7+ Kxd7
30.Ke3 Kd6 31.Ne1 Nb4 32.Bc4 Ne5 33.Be2 Kc5 34.b3 Nec6 35.Bh5 f6 36.Bg4 Nd4
37.Bd1 Bc6 38.f4 Be8 39.g4 e5 40.fxe5 fxe5 41.Ne2 Nxe2 42.Bxe2 Bf7 43.Bd1 Be6
44.g5 hxg5 45.hxg5 Bf7 46.Nf3 Bh5 47.Be2 Nc2+ 48.Kd2 Bxf3  0-1

[Event "Pula op"]
[Site "Pula"]
[Date "1996.??.??"]
[Round "?"]
[White "Kozul, Zdenko"]
[Black "Sulava, Nenad"]
[Result "1-0"]
[WhiteElo "2580"]
[BlackElo "2480"]

1.d4 d5 2.c4 dxc4 3.Nf3 Nf6 4.e3 e6 5.Bxc4 c5 6.O-O a6 7.a3 b5 8.Ba2 Bb7
9.Nc3 Nbd7 10.Re1 Qb8 11.e4 cxd4 12.Nd5 Bd6 13.Nxf6+ gxf6 14.Qxd4 Bc5 15.Qc3 Qa7
16.Be3 Rc8 17.Qd2 Bxe4 18.Bxc5 Nxc5 19.Qd4 Bxf3 20.Qxf6 Rg8 21.Qxf3 Ke7 22.Re3 Rgd8
23.Qf4 Ke8 24.Qg5 Qb6 25.Rae1 Rc6 26.Rf3 Ne4  1-0

[Event "EU-ch U18"]
[Site "Rimavska Sobota"]
[Date "1996.??.??"]
[Round "8"]
[White "Mastrovasilis, Athanasios"]
[Black "Mchedlishvili, Mikheil"]
[Result "0-1"]
[WhiteElo "2240"]
[BlackElo "2370"]

1.d4 d5 2.c4 dxc4 3.Nf3 Nf6 4.e3 e6 5.Bxc4 c5 6.O-O a6 7.b3 b5 8.Be2 Bb7
9.Bb2 Nbd7 10.a4 b4 11.Nbd2 Be7 12.Nc4 O-O 13.a5 Qc7 14.Nfe5 Bd5 15.Bf3 Qb7
16.Qe2 Nxe5 17.dxe5 Ne4 18.Rfc1 Rad8 19.Rc2 h6 20.Rcc1 Qb5 21.Qc2 Ng5 22.Bxd5 exd5
23.Nd2 Ne6 24.e4 Bg5 25.Rd1 Bxd2 26.Rxd2 dxe4 27.Rad1 Qxa5 28.Qxe4 Rxd2 29.Rxd2 Rd8
30.Rxd8+ Qxd8 31.Qe2 Qd5 32.g3 Qxb3 33.f4 g6 34.f5 gxf5 35.Qf2 Qd3  0-1